000 00390nam a2200145Ia 4500
008 231129s1998||||xx |||||||||||||| ||spa||
020 _a958-30-0010-8
040 _bspa
082 _a378.1662 P359c
100 _aPeñaranda Valverde José
245 0 _aCómo ingresar a la universidad
260 _c1998
264 _aPanamericana
942 _2ddc
_cBKS
999 _c7590
_d7590